Armonización de la actividad industrial con el medio ambiente : (Record no. 112983)

MARC details
000 -CABECERA
campo de control de longitud fija 00789nam a2200205 a 4500
005 - FECHA Y HORA DE LA ÚLTIMA TRANSACCIÓN
campo de control 20221126063637.0
008 - ELEMENTOS DE LONGITUD FIJA--INFORMACIÓN GENERAL
campo de control de longitud fija 051026s2002 mx r 000 0 spa d
020 ## - NÚMERO INTERNACIONAL NORMALIZADO PARA LIBROS
Número Internacional Estándar del Libro 958682375X
035 ## - NÚMERO DE CONTROL DEL SISTEMA
Número de control de sistema UPN01000140835
049 ## - COLECCIÓN
Colección CG
050 #4 - SIGNATURA TOPOGRÁFICA DE LA BIBLIOTECA DEL CONGRESO
Número de clasificación HC59.72 P5.5
Número de documento/Ítem A7.5
245 00 - MENCIÓN DE TÍTULO
Título Armonización de la actividad industrial con el medio ambiente :
Resto del título nuevas funciones de la comunidad, el mercado y el gobierno /
260 ## - PUBLICACIÓN, DISTRIBUCIÓN, ETC.
Lugar de publicación, distribución, etc. Bogotá, Col. :
Nombre del editor, distribuidor, etc. Alfaomega :
-- Banco Mundial,
Fecha de publicación, distribución, etc. 2002.
300 ## - DESCRIPCIÓN FÍSICA
Extensión 151 p. :
Otras características físicas il.
534 ## - NOTA SOBRE LA VERSIÓN ORIGINAL
Frase introductoria Traducción de:
Mención de título del original Greening industry : New roles for communities, markets, and governments
650 #4 - ASIENTO SECUNDARIO DE MATERIA - TERMINO TEMATICO
Término de materia o nombre geográfico como elemento de entrada CONTAMINACION -
Subdivisión general PAISES EN DESARROLLO
9 (RLIN) 9657
650 #4 - ASIENTO SECUNDARIO DE MATERIA - TERMINO TEMATICO
Término de materia o nombre geográfico como elemento de entrada POLITICA AMBIENTAL -
Subdivisión general PAISES EN DESARROLLO
9 (RLIN) 9656
650 #4 - ASIENTO SECUNDARIO DE MATERIA - TERMINO TEMATICO
Término de materia o nombre geográfico como elemento de entrada Desarrollo sustentable
9 (RLIN) 4974
905 ## - TIPO DE MATERIAL
Tipo de material Libro
Holdings
Estado de retiro Estado de pérdida Fuente del sistema de clasificación o colocación Estado dañado No para préstamo Código de colección Localización permanente Ubicación/localización actual Ubicación en estantería Total de préstamos Clasificación Código de barras Fecha visto por última vez Número de copia Tipo de ítem Koha
    Library of Congress Classification     Colección General Bib. Gregorio Torres Quintero Bib. Gregorio Torres Quintero Planta baja   HC59.72 P5.5 A7.5 228807 31/12/2020 1 Libro
    Library of Congress Classification     Colección General Bib. Gregorio Torres Quintero Bib. Gregorio Torres Quintero Planta baja   HC59.72 P5.5 A7.5 228808 31/12/2020 1 Libro
    Library of Congress Classification     Colección General Bib. Gregorio Torres Quintero Bib. Gregorio Torres Quintero Planta baja   HC59.72 P5.5 A7.5 228809 31/12/2020 1 Libro